Phân tích trình tự vùng ITS ( Internal Transcribed Spacer ) của rầy nâu (Nilaparvata lugens Stal) tại bốn tỉnh Đồng Tháp, Vĩnh Long, Cần Thơ, Hậu Giang : Luận văn Thạc sĩ Khoa học. Chuyên ngành Công nghệ Sinh học

Sơ lược sinh thái vùng ĐBSCL, tình hình dịch rầy nâu, sơ lược về rầy nâu, các phương pháp thí nghiệm và nghiên cứu nhằm xác định trình tự vùng ITS từ đó xác định sự biến đổi của các chủng rầy nâu hiện có ở bốn tỉnh Đồng Tháp, Vĩnh...

ver descrição completa

Na minha lista:
Detalhes bibliográficos
Autor principal: Lâm, Thị Huyền Trân
Formato: Livro
Idioma:Undetermined
Publicado em: Cần Thơ Trường Đại học Cần Thơ 2011
Assuntos:
Tags: Adicionar Tag
Sem tags, seja o primeiro a adicionar uma tag!
Thư viện lưu trữ: Trung tâm Học liệu Trường Đại học Cần Thơ
LEADER 01475nam a2200229Ia 4500
001 CTU_171083
008 210402s9999 xx 000 0 und d
082 |a 632.9 
082 |b Tr121 
088 |a 60420201 
100 |a Lâm, Thị Huyền Trân 
245 0 |a Phân tích trình tự vùng ITS ( Internal Transcribed Spacer ) của rầy nâu (Nilaparvata lugens Stal) tại bốn tỉnh Đồng Tháp, Vĩnh Long, Cần Thơ, Hậu Giang : 
245 0 |b Luận văn Thạc sĩ Khoa học. Chuyên ngành Công nghệ Sinh học 
245 0 |c Lâm Thị Huyền Trân ; Bùi Thị Minh Diệu, Trần Nhân Dũng (Người hướng dẫn khoa học ) 
260 |a Cần Thơ 
260 |b Trường Đại học Cần Thơ 
260 |c 2011 
520 |a Sơ lược sinh thái vùng ĐBSCL, tình hình dịch rầy nâu, sơ lược về rầy nâu, các phương pháp thí nghiệm và nghiên cứu nhằm xác định trình tự vùng ITS từ đó xác định sự biến đổi của các chủng rầy nâu hiện có ở bốn tỉnh Đồng Tháp, Vĩnh Long, Cần Thơ, Hậu Giang. 
650 |a Dịch bệnh,Pests,Plants, Protection of.,Bảo vệ thực vật 
650 |x Kiểm soát,Control 
904 |i Võ Ngọc Anh Thư, Khoa, Năm 
980 |a Trung tâm Học liệu Trường Đại học Cần Thơ